Estatísticas para Bandeiras do Mundo🌎

Clique aqui para jogar o quiz

Estatísticas Gerais

  • Esse quiz foi jogado 622 vezes
  • A pontuação média é 51 de 60

Estatísticas das Respostas

Resposta% Correto
Brasil
100%
Canadá
98%
Estados Unidos
98%
China
97%
México
97%
Reino Unido
97%
Espanha
96%
Austrália
95%
Jamaica
95%
Portugal
95%
Suíça
94%
Argentina
93%
Grécia
93%
Suécia
93%
Alemanha
92%
Dinamarca
92%
Nova Zelândia
92%
Uruguai
92%
Israel
91%
Japão
91%
África do Sul
90%
Finlândia
90%
Noruega
90%
Bélgica
89%
Egito
89%
Rússia
89%
Turquia
89%
Islândia
87%
Arábia Saudita
86%
Croácia
86%
Equador
86%
Irlanda
86%
Catar
84%
Colômbia
84%
Chipre
83%
Honduras
83%
Países Baixos
83%
Panamá
83%
Camarões
82%
Geórgia
82%
Albânia
81%
Nepal
81%
Costa do Marfim
80%
Líbano
80%
Romênia
80%
Áustria
79%
Bangladesh
78%
Bulgária
78%
Butão
78%
Hungria
78%
Bósnia e Hezergovina
77%
República Dominicana
77%
Tailândia
76%
Singapura
75%
Sri Lanka
75%
Escócia
71%
Palau
70%
Afeganistão
69%
Bahamas
65%
Liechtenstein
62%

Distribuição das Pontuações

Percentil de Números Respondidos

Porcentagem de Pessoas com Cada Pontuação

Sua Pontuação Histórica

Você não jogou esse quiz